10 Most Famous Gay People - Statistics

General Stats
  • This quiz has been taken 125 times
  • The average score is 1 of 10
Answer Stats
Job Person's Name % Correct
Talk Show Host Ellen DeGeneres
72%
Singer Lil Nas X
57%
Actor Jim Parsons
2%
Singer/Actor Lance Bass
1%
Fashion Designer Tom Ford
1%
Painter David Hockney
0%
Actor Lee Pace
0%
Composer Stephen Sondheim
0%
Fashion Designer Tan France
0%
Poet Wilfred Owen
0%
No matching quizzes found
Score Distribution
Percent of People with Each Score
Percentile by Number Answered
Your Score History
You have not taken this quiz